| 000 | 00399nam a22001697a 4500 | ||
|---|---|---|---|
| 003 | OSt | ||
| 008 | 210223b ||||| |||| 00| 0 eng d | ||
| 020 | _a9788129137425 | ||
| 082 |
_a823.92 _bBHM |
||
| 100 | _aBHAGAT, Chetan | ||
| 245 | _aMaking India Awesome | ||
| 250 | _a1st Imp. | ||
| 260 |
_aNew Delhi _bRupa Publication _c2015 |
||
| 300 | _a117 | ||
| 650 | _aGeneral Books | ||
| 942 |
_2ddc _cBK |
||
| 999 |
_c10498 _d10498 |
||